Rough set methods and applications : new developments in knowledge discovery in information systems
Αποθηκεύτηκε σε:
| Άλλοι συγγραφείς: | , , |
|---|---|
| Μορφή: | Βιβλίο |
| Γλώσσα: | English |
| Δημοσίευση: |
Heidelberg :
Physica-Verlag,
c2000
|
| Σειρά: | Studies in fuzziness and soft computing ;
; 56 |
| Θέματα: | |
| Ετικέτες: |
Προσθήκη ετικέτας
Δεν υπάρχουν, Καταχωρήστε ετικέτα πρώτοι!
|
MARC
| LEADER | 00000nam a2200000 i 4500 | ||
|---|---|---|---|
| 001 | 1/16088 | ||
| 008 | 010122s2000 eng d | ||
| 020 | |a 3-7908-1328-1 | ||
| 035 | |l 10065650 | ||
| 040 | |a GR-MY-UA |b gre |e aacr | ||
| 041 | 0 | |a eng | |
| 082 | 0 | |a 006.331 | |
| 245 | 1 | 0 | |a Rough set methods and applications : |b new developments in knowledge discovery in information systems / |c Lech Polkowski, Shusaku Tsumoto, Tsau y. Lin (Editors) |
| 260 | |a Heidelberg : |b Physica-Verlag, |c c2000 | ||
| 300 | |a x, 681 p.; |b ill.; |c 24 cm. | ||
| 490 | 1 | |a Studies in fuzziness and soft computing |v ; 56 | |
| 500 | |a With 100 figures and 133 tables | ||
| 504 | |a Includes bibliographical references and index | ||
| 650 | 0 | 0 | |a Data mining. |
| 650 | 0 | 0 | |a Knowledge acquisition (Expert systems) |
| 650 | 0 | 0 | |a Soft computing. |
| 700 | 1 | |a Polkowski, Lech. |4 edt | |
| 700 | 1 | |a Tsumoto, Shusaku |d 1963- |4 edt | |
| 700 | 1 | |a Lin, Tsau Y. |d 1937- |4 edt | |
| 830 | 0 | |a Studies in fuzziness and soft computing ; |v ; 56 | |
| 852 | |a INST |b SYROS |e 20010122 |h 006.331 ROU |p 005500001584 |q 005500001584 |t BK |y 0 | ||
| 901 | |a BIBL5-2001-1 | ||
| 909 | |a Ε |b 084478 | ||
| 922 | |a 5ΕΛΗ |b 200012 |c ΓΡΑΦΙΚΩΝ ΤΕΧΝΩΝ |d ΜΙΧΑΛΟΠΟΥΛΟΣ | ||
| 950 | |a 183-2000-12-09 | ||
| 970 | |a ΚΟΝΤΟΥ |b ΠΑΡΑΣΚΕΥΗ |z 2001/01/29 | ||